[Event "56th Rubinstein Memorial A 2020"]
[Site "Polanica Zdroj"]
[Date "2020.08.15"]
[Round "1.10"]
[White "Zochowski, Kacper"]
[Black "Kolodziejski, Piotr"]
[Result "1-0"]
[WhiteElo "2278"]
[BlackElo "1928"]
[Annotator "ChessBase"]
[PlyCount "67"]
[EventDate "2020.08.15"]
[EventType "swiss"]
[EventCountry "POL"]
[SourceTitle "playchess.com"]
[Source "ChessBase"]
[SourceQuality "1"]
[TimeControl "40/5400+30:1800+30"]

1. Nf3 {[%emt 0:07:05]} Nf6 {[%emt 0:00:00]} 2. c4 {[%emt 0:00:08]} d5 {[%emt 0:02:18]} 3. cxd5 {[%emt 0:01:24]} Nxd5 {[%emt 0:02:15]} 4. e4 {[%emt 0:07:03]} Nf6 {[%emt 0:00:58]} 5. Nc3 {[%emt 0:01:31]} c5 {[%emt 0:02:35]} 6. d4 {[%emt 0:07:35]} cxd4 {[%emt 0:04:15]} 7. Qxd4 {[%emt 0:07:59]} Qxd4 {[%emt 0:06:48]} 8. Nxd4 {[%emt 0:00:07]} e5 {[%emt 0:02:55]} 9. Ndb5 {[%emt 0:02:31]} Na6 {[%emt 0:00:44]} 10. Be3 {[%emt 0:02:06]} Bb4 {[%emt 0:03:13]} 11. a3 {[%emt 0:11:51]} Bxc3+ {[%emt 0:03:12]} 12. Nxc3 {[%emt 0:00:24]} Nc7 {[%emt 0:01:10]} 13. Bb5+ {[%emt 0:22:18]} Bd7 {[%emt 0:09:09]} 14. Bxd7+ {[%emt 0:00:43]} Nxd7 {[%emt 0:04:31]} 15. O-O-O {[%emt 0:05:24]} b6 {[%emt 0:06:06]} 16. Rd6 {[%emt 0:05:53]} O-O-O {[%emt 0:03:20]} 17. a4 {[%emt 0:04:17]} Nf6 {[%emt 0:05:13]} 18. Rxd8+ {[%emt 0:00:49]} Rxd8 {[%emt 0:00:14]} 19. f3 {[%emt 0:02:35]} Rd3 {[%emt 0:03:51]} 20. Re1 {[%emt 0:01:39]} Na6 {[%emt 0:03:19]} 21. Kc2 {[%emt 0:04:51]} Rd7 {[%emt 0:02:29]} 22. Nb5 {[%emt 0:01:03]} Nb4+ {[%emt 0:02:39]} 23. Kb1 {[%emt 0:00:28]} Kb7 {[%emt 0:03:00]} 24. Rc1 {[%emt 0:00:56]} a6 {[%emt 0:05:08]} 25. Na3 {[%emt 0:00:11]} Rd3 {[%emt 0:01:19]} 26. Nc4 {[%emt 0:00:12]} Nd7 {[%emt 0:01:49]} 27. Bd2 {[%emt 0:00:28]} Nc6 {[%emt 0:01:25]} 28. Bc3 {[%emt 0:00:38]} Nc5 {[%emt 0:09:22]} 29. Bxe5 {[%emt 0:01:23]} Nxe5 {[%emt 0:06:15]} 30. Nxe5 {[%emt 0:00:01]} Rd2 {[%emt 0:00:17]} 31. Nxf7 {[%emt 0:01:12]} Rxg2 {[%emt 0:03:56]} 32. a5 {[%emt 0:00:15]} Rd2 {[%emt 0:01:30]} 33. axb6 {[%emt 0:00:42]} Nd3 {[%emt 0:00:37]} 34. Nd6+ {[%emt 0:00:07]} 1-0

[Event "56th Rubinstein Memorial A 2020"]
[Site "Polanica Zdroj"]
[Date "2020.08.15"]
[Round "1.11"]
[White "Mirowska, Oliwia"]
[Black "Kucza, Karol"]
[Result "0-1"]
[WhiteElo "1927"]
[BlackElo "2277"]
[Annotator "ChessBase"]
[PlyCount "88"]
[EventDate "2020.08.15"]
[EventType "swiss"]
[EventCountry "POL"]
[SourceTitle "playchess.com"]
[Source "ChessBase"]
[SourceQuality "1"]
[TimeControl "40/5400+30:1800+30"]

1. d4 {[%emt 0:00:00]} d5 {[%emt 0:00:00]} 2. Bf4 {[%emt 0:00:01]} Nf6 {[%emt 0:00:09]} 3. Nf3 {[%emt 0:00:08]} c5 {[%emt 0:00:27]} 4. e3 {[%emt 0:00:20]} Nc6 {[%emt 0:00:15]} 5. c3 {[%emt 0:00:13]} Qb6 {[%emt 0:00:15]} 6. Qc1 {[%emt 0:01:55]} Bf5 {[%emt 0:01:41]} 7. Nbd2 {[%emt 0:00:58]} Rc8 {[%emt 0:00:47]} 8. dxc5 {[%emt 0:00:45]} Qxc5 {[%emt 0:00:06]} 9. Nb3 {[%emt 0:00:06]} Qb6 {[%emt 0:00:12]} 10. Nbd4 {[%emt 0:00:47]} Be4 {[%emt 0:04:21]} 11. Be2 {[%emt 0:02:43]} e6 {[%emt 0:04:10]} 12. O-O {[%emt 0:04:01]} Be7 {[%emt 0:01:18]} 13. h4 {[%emt 0:06:47]} O-O {[%emt 0:02:40]} 14. Bg3 {[%emt 0:09:05]} Rfe8 {[%emt 0:04:26]} 15. Ng5 {[%emt 0:08:41]} h6 {[%emt 0:02:58]} 16. Nh3 {[%emt 0:04:12]} Bh7 {[%emt 0:05:31]} 17. f3 {[%emt 0:10:39]} Bc5 {[%emt 0:10:19]} 18. Bf2 {[%emt 0:01:37]} Ne5 {[%emt 0:00:49]} 19. Qd2 {[%emt 0:01:19]} Nc4 {[%emt 0:06:07]} 20. Bxc4 {[%emt 0:14:12]} dxc4 {[%emt 0:00:05]} 21. Rad1 {[%emt 0:02:32]} e5 {[%emt 0:01:19]} 22. Ne2 {[%emt 0:03:19]} Red8 {[%emt 0:03:54]} 23. Qc1 {[%emt 0:01:48]} Bd3 {[%emt 0:06:52]} 24. Rfe1 {[%emt 0:08:02]} Nd5 {[%emt 0:13:07]} 25. Ng3 {[%emt 0:03:48]} f5 {[%emt 0:04:05]} 26. e4 {[%emt 0:07:23]} Nf4 {[%emt 0:00:49]} 27. Bxc5 {[%emt 0:02:36]} Nxh3+ {[%emt 0:00:20]} 28. Kh2 {[%emt 0:00:36]} Qxc5 {[%emt 0:01:16]} 29. Kxh3 {[%emt 0:00:39]} f4 {[%emt 0:00:48]} 30. Nh1 {[%emt 0:01:34]} Rc6 {[%emt 0:06:59]} 31. Rd2 {[%emt 0:01:17]} Rg6 {[%emt 0:00:43]} 32. Qd1 {[%emt 0:00:38]} Qe7 {[%emt 0:02:21]} 33. b3 {[%emt 0:02:04]} b5 {[%emt 0:00:28]} 34. bxc4 {[%emt 0:00:20]} bxc4 {[%emt 0:00:19]} 35. Qa4 {[%emt 0:00:24]} Rb8 {[%emt 0:01:28]} 36. Qa5 {[%emt 0:00:47]} Rbb6 {[%emt 0:01:23]} 37. Red1 {[%emt 0:01:18]} Kh7 {[%emt 0:00:38]} 38. Qd5 {[%emt 0:00:23]} a6 {[%emt 0:02:27]} 39. Qa8 {[%emt 0:00:48]} Rbc6 {[%emt 0:06:36]} 40. Rb2 {[%emt 0:00:00]} Rb6 {[%emt 0:00:00]} 41. Rbd2 {[%emt 0:08:39]} Qa3 {[%emt 0:07:38]} 42. Qc8 {[%emt 0:00:36]} Rb2 {[%emt 0:07:24]} 43. Rxb2 {[%emt 0:03:25]} Qxb2 {[%emt 0:01:22]} 44. Rg1 {[%emt 0:00:12]} Bf1 {[%emt 0:01:12]} 0-1

[Event "56th Rubinstein Memorial A 2020"]
[Site "Polanica Zdroj"]
[Date "2020.08.15"]
[Round "1.12"]
[White "Bronowicki, Mateusz"]
[Black "Dytman, Radoslaw"]
[Result "1-0"]
[WhiteElo "2275"]
[BlackElo "1919"]
[Annotator "ChessBase"]
[PlyCount "69"]
[EventDate "2020.08.15"]
[EventType "swiss"]
[EventCountry "POL"]
[SourceTitle "playchess.com"]
[Source "ChessBase"]
[SourceQuality "1"]
[TimeControl "40/5400+30:1800+30"]

1. c4 {[%emt 0:00:26]} d6 {[%emt 0:00:19]} 2. Nc3 {[%emt 0:00:15]} e5 {[%emt 0:00:42]} 3. g3 {[%emt 0:01:21]} g6 {[%emt 0:01:25]} 4. Bg2 {[%emt 0:00:32]} Bg7 {[%emt 0:00:29]} 5. e4 {[%emt 0:02:13]} Nc6 {[%emt 0:01:43]} 6. Nge2 {[%emt 0:02:06]} Nge7 {[%emt 0:02:55]} 7. d3 {[%emt 0:01:21]} O-O {[%emt 0:01:35]} 8. O-O {[%emt 0:25:14]} Nd4 {[%emt 0:07:13]} 9. Nxd4 {[%emt 0:06:52]} exd4 {[%emt 0:00:14]} 10. Nd5 {[%emt 0:00:29]} c6 {[%emt 0:06:52]} 11. Nxe7+ {[%emt 0:03:45]} Qxe7 {[%emt 0:00:10]} 12. Bd2 {[%emt 0:00:07]} Be6 {[%emt 0:04:08]} 13. h4 {[%emt 0:05:11]} Qd7 {[%emt 0:12:24]} 14. h5 {[%emt 0:19:28]} d5 {[%emt 0:09:47]} 15. exd5 {[%emt 0:08:52]} cxd5 {[%emt 0:00:12]} 16. h6 {[%emt 0:01:57]} Be5 {[%emt 0:08:16]} 17. Re1 {[%emt 0:02:18]} Bc7 {[%emt 0:05:32]} 18. Qf3 {[%emt 0:01:29]} f5 {[%emt 0:04:31]} 19. cxd5 {[%emt 0:02:33]} Bf7 {[%emt 0:00:18]} 20. Bb4 {[%emt 0:07:10]} Bd6 {[%emt 0:15:22]} 21. Bxd6 {[%emt 0:00:01]} Qxd6 {[%emt 0:00:08]} 22. Qf4 {[%emt 0:00:03]} Qxf4 {[%emt 0:06:59]} 23. gxf4 {[%emt 0:00:01]} Rfe8 {[%emt 0:00:23]} 24. Rxe8+ {[%emt 0:02:11]} Rxe8 {[%emt 0:00:36]} 25. Rc1 {[%emt 0:00:07]} Kf8 {[%emt 0:02:07]} 26. Rc7 {[%emt 0:01:27]} Rb8 {[%emt 0:01:12]} 27. b4 {[%emt 0:02:59]} a6 {[%emt 0:01:04]} 28. a4 {[%emt 0:01:31]} Ke8 {[%emt 0:00:26]} 29. Kh2 {[%emt 0:00:28]} Kf8 {[%emt 0:02:32]} 30. Kg3 {[%emt 0:00:09]} Kg8 {[%emt 0:00:55]} 31. d6 {[%emt 0:01:23]} Rd8 {[%emt 0:01:12]} 32. Bxb7 {[%emt 0:00:35]} Bb3 {[%emt 0:00:17]} 33. Bxa6 {[%emt 0:01:10]} Rxd6 {[%emt 0:00:05]} 34. Bc4+ {[%emt 0:00:33]} Bxc4 {[%emt 0:00:06]} 35. Rxc4 {[%emt 0:00:03]} 1-0

[Event "56th Rubinstein Memorial A 2020"]
[Site "Polanica Zdroj"]
[Date "2020.08.15"]
[Round "1.13"]
[White "Hetzer, Volkhard"]
[Black "Kowalczyk, Rafal"]
[Result "0-1"]
[WhiteElo "1911"]
[BlackElo "2268"]
[Annotator "TA"]
[PlyCount "108"]
[EventDate "2020.08.15"]
[EventType "swiss"]
[EventCountry "POL"]
[SourceTitle "playchess.com"]
[Source "ChessBase"]
[SourceQuality "1"]

{[%evp 9,108,32,35,33,32,33,37,38,42,33,53,9,34,2,14,-7,29,17,76,48,53,58,57,9,7,0,13,16,145,129,129,136,228,226,331,390,385,358,441,128,187,110,106,0,23,-4,271,271,266,271,370,384,392,386,402,395,430,406,424,435,422,406,417,345,465,443,466,451,432,408,397,397,406,299,471,429,389,356,337,0,297,0,14,0,0,0,0,0,0,0,0,0,62,-20,-8,-66,0,-141,-156,-875,-558]} 1. Nf3 Nf6 2. c4 e6 3. b3 d5 4. Bb2 a5 5. Nc3 c6 6. e3 {A13: English Opening: 1...e6.} Nbd7 7. d4 Bd6 8. Bd3 {White is slightly better.} Qe7 9. O-O {[#]} e5 $146 ({Predecessor:} 9... O-O 10. Re1 e5 11. dxe5 Nxe5 12. Nxe5 Bxe5 13. cxd5 cxd5 14. h3 Rd8 15. Qc2 Bd7 {½-½ (37) Conquest,S (2505)-Kuijf,M (2425) Germany 1995}) 10. e4 {[%cal Re4d5]} dxc4 $1 (10... exd4 11. Nxd4 dxc4 12. Nf5 $16 (12. bxc4 g6 $11) (12. Bxc4 Nb6 $11)) 11. Bxc4 O-O 12. Re1 g6 13. h3 Nh5 (13... exd4 $11 14. Na4 (14. Qxd4 Ne5 $11) 14... b5) 14. Bf1 $36 {[%mdl 2048] White fights for an advantage.} Rd8 15. Qd2 exd4 16. Nxd4 (16. Qxd4 $5 {[%cal Rc3d5]} Ne5 17. Nd5 Nxf3+ 18. gxf3 Qg5+ 19. Kh1 $14) 16... Bf4 17. Qc2 Ne5 18. Nce2 Qg5 (18... Bh6 $11 {remains equal.}) 19. Kh1 $1 $16 c5 20. Nxf4 (20. Qxc5 Nd3 $17) 20... Nxf4 (20... cxd4 $16 21. Nxh5 Qxh5) 21. Qxc5 $18 f6 (21... Nf3 $142 22. Qxg5 Nxg5) 22. Rad1 {Black must now prevent Nf3!} Bd7 23. Bc1 Rdc8 24. Bxf4 $2 (24. Qd6 $18 {is more deadly.}) 24... Qxf4 (24... Rxc5 $16 {might work better.} 25. Bxg5 fxg5) 25. Qe7 (25. Qd5+ $18 Kh8 26. Kg1 (26. Qxb7 Rab8 $16)) 25... Re8 $16 26. Qc5 ({White should play} 26. Bc4+ $1 $16 Kh8 27. Qd6) 26... Qxf2 27. Ne6 Qh4 $2 {[%mdl 8192]} (27... Qxa2 28. Nc7 $14) (27... Qxc5 $11 {and Black has nothing to worry.} 28. Nxc5 Bc6) 28. Nc7 $1 $18 {[%csl LRa8,LRe8][%mdl 64] Double Attack} Rac8 29. Qd5+ {[%mdl 64] Double Attack} (29. Qxa5 Rf8 $14) 29... Kg7 30. Nxe8+ Rxe8 31. Qxb7 {Strongly threatening Bb5.} Kh6 32. Qb6 Bg4 33. Qe3+ Kg7 34. Rc1 Re7 35. Rc2 Bd7 36. Qf2 Qg5 37. Rec1 h5 38. Rc5 h4 39. R5c3 Re6 40. Bc4 Rd6 41. Qe3 Qh5 (41... Rd2 $142 42. Qxg5 fxg5) 42. Qc5 Rd1+ 43. Rxd1 Qxd1+ {[#]} 44. Kh2 $2 (44. Qg1 $1 $18 {[%cal Rg1d1]} Qd2 45. Rc1) 44... Qd2 $2 {[%mdl 8192]} (44... Bxh3 $1 $11 45. Qc7+ Kh6) 45. Bd5 $2 (45. Bf1 $18) 45... Bg4 $1 $11 46. Qe7+ Kh6 47. Qxf6 {Threatening mate with Qh8+.} Qxc3 48. Qf8+ Kg5 (48... Kh5 $5 49. Qh8+ $8 Kg5 50. Qd8+ Kh5 51. Qh8+ Kg5 52. Qd8+ Kh5 53. Qh8+ $11) 49. Qe7+ Kf4 50. Qxh4 {[%mdl 64] And now Qh6+ would win. Pin} Qb2 (50... Nf3+ $1 $11 51. gxf3 {[%mdl 64] Pin} Qd2+ 52. Kg1 (52. Kh1 Qd1+ {[%mdl 64] Double Attack} 53. Kg2 Qxf3+ 54. Kh2 Qe2+ {[%mdl 64] Double Attack} 55. Kh1 Qd1+ 56. Kg2 Qf3+ 57. Kh2 Qe2+ {[%mdl 64] Double Attack} 58. Kg1 Qe3+ 59. Qf2+ Qxf2+ 60. Kxf2 Bxh3 $11) 52... Qd1+ {[%mdl 64] Double Attack} 53. Kh2 Qe2+ 54. Kh1 (54. Kg1 Qd1+ 55. Kh2 Qe2+ 56. Kh1 Qxf3+ 57. Kh2 Qe2+ {[%mdl 64] Double Attack} 58. Kh1 Qf3+ 59. Kg1 Qe3+ 60. Qf2+ Qxf2+ 61. Kxf2 Bxh3 $11) 54... Qxf3+ 55. Kg1 Qe3+ 56. Kh1 Qf3+ 57. Kh2 Qe2+ {[%mdl 64] Double Attack} 58. Kh1 Qd1+ 59. Kh2 Qe2+ 60. Kg1 Qd1+ 61. Kg2 Qf3+ 62. Kh2 Qe2+ {[%mdl 64] Double Attack}) 51. Qf6+ (51. Qh6+ $14 g5 52. Qf8+ Ke3 53. hxg4) 51... Ke3 {( -> ...Nf3+)} 52. Qg5+ (52. Kg3 $1 $11 Bd1 53. Qf4+ Kd3 54. Qf1+ Qe2 55. Qxe2+ Bxe2 56. Kf4) 52... Kd4 ({Better is} 52... Kf2 $15 53. Qh4+ {[#]} (53. Qf4+ $2 Nf3+ 54. gxf3 Bxf3 $19) 53... Kf1 $1 {[%mdl 512]}) 53. Kg3 (53. Qd8 $11 Bf3 54. Bb7+ Ke3 55. Qb6+ Kf4 56. Qf6+ Ke3 57. Qb6+ Kd3 58. Qb5+ Ke3 59. Qb6+) 53... Qc3+ $17 54. Kh4 $2 (54. Kf2 $17) 54... Qe1+ {What a bad dream for White. Accuracy: White = 57%, Black = 55%.} 0-1

[Event "56th Rubinstein Memorial A 2020"]
[Site "Polanica Zdroj"]
[Date "2020.08.15"]
[Round "1.14"]
[White "Dahl, Christoph"]
[Black "Hertlein, Irena"]
[Result "1/2-1/2"]
[WhiteElo "2228"]
[BlackElo "1905"]
[Annotator "ChessBase"]
[PlyCount "67"]
[EventDate "2020.08.15"]
[EventType "swiss"]
[EventCountry "POL"]
[SourceTitle "playchess.com"]
[Source "ChessBase"]
[SourceQuality "1"]
[TimeControl "40/5400+30:1800+30"]

1. e4 {[%emt 0:00:00]} d5 {[%emt 0:00:00]} 2. exd5 {[%emt 0:00:00]} Qxd5 {[%emt 0:00:08]} 3. Nc3 {[%emt 0:00:16]} Qd6 {[%emt 0:00:13]} 4. d4 {[%emt 0:00:27]} Nf6 {[%emt 0:00:26]} 5. Nf3 {[%emt 0:00:43]} c6 {[%emt 0:00:23]} 6. Bc4 {[%emt 0:02:21]} Bg4 {[%emt 0:00:43]} 7. Be3 {[%emt 0:01:00]} Nbd7 {[%emt 0:05:08]} 8. h3 {[%emt 0:01:43]} Bh5 {[%emt 0:00:51]} 9. g4 {[%emt 0:00:56]} Bg6 {[%emt 0:00:15]} 10. Qd2 {[%emt 0:18:40]} e6 {[%emt 0:05:30]} 11. O-O-O {[%emt 0:05:43]} Qc7 {[%emt 0:03:40]} 12. Ne5 {[%emt 0:07:02]} O-O-O {[%emt 0:02:17]} 13. Nxg6 {[%emt 0:02:55]} hxg6 {[%emt 0:00:09]} 14. Qe2 {[%emt 0:02:06]} Nb6 {[%emt 0:07:23]} 15. Bb3 {[%emt 0:02:54]} Bd6 {[%emt 0:06:26]} 16. Qf3 {[%emt 0:03:09]} Nbd5 {[%emt 0:15:47]} 17. Nxd5 {[%emt 0:06:11]} cxd5 {[%emt 0:02:05]} 18. Kb1 {[%emt 0:01:12]} Kb8 {[%emt 0:02:10]} 19. Bg5 {[%emt 0:04:05]} Be7 {[%emt 0:02:48]} 20. Qd3 {[%emt 0:05:45]} Rc8 {[%emt 0:06:11]} 21. Rc1 {[%emt 0:05:27]} Rhd8 {[%emt 0:04:50]} 22. c4 {[%emt 0:03:11]} dxc4 {[%emt 0:02:05]} 23. Rxc4 {[%emt 0:00:32]} Qd7 {[%emt 0:04:11]} 24. Rhc1 {[%emt 0:01:48]} Rxc4 {[%emt 0:03:40]} 25. Qxc4 {[%emt 0:00:57]} Nd5 {[%emt 0:00:57]} 26. Bxe7 {[%emt 0:01:35]} Qxe7 {[%emt 0:02:31]} 27. Qe2 {[%emt 0:06:51]} Qd6 {[%emt 0:05:04]} 28. Qf3 {[%emt 0:03:21]} Nf4 {[%emt 0:08:46]} 29. Qe3 {[%emt 0:04:31]} g5 {[%emt 0:02:35]} 30. Rd1 {[%emt 0:01:18]} Rh8 {[%emt 0:04:51]} 31. Rh1 {[%emt 0:00:32]} Rd8 {[%emt 0:00:58]} 32. Rd1 {[%emt 0:01:04]} Rh8 {[%emt 0:00:06]} 33. Rh1 {[%emt 0:00:11]} Rd8 {[%emt 0:01:18]} 34. Rd1 {[%emt 0:00:05]} 1/2-1/2

[Event "56th Rubinstein Memorial A 2020"]
[Site "Polanica Zdroj"]
[Date "2020.08.15"]
[Round "1.15"]
[White "Bojczewski, Mateusz"]
[Black "Chomczyk, Marek"]
[Result "0-1"]
[WhiteElo "1888"]
[BlackElo "2221"]
[Annotator "TA"]
[PlyCount "142"]
[EventDate "2020.08.15"]
[EventType "swiss"]
[EventCountry "POL"]
[SourceTitle "playchess.com"]
[Source "ChessBase"]
[SourceQuality "1"]

{[%evp 12,141,31,35,37,10,43,2,66,74,71,41,39,31,35,36,40,15,13,6,21,26,21,14,4,0,0,0,9,17,61,0,0,0,0,0,0,-30,0,-21,-70,-39,-24,-404,-408,-408,-403,-387,-156,-145,0,-6,-13,-9,-6,-9,-5,-4,-6,-8,-8,-8,-5,-10,-10,-15,-20,-16,-10,-38,-7,-8,-7,-4,0,0,6,0,0,0,0,-8,-8,-17,0,0,0,0,0,-7,0,0,0,-28,-28,-28,-28,-28,-28,-28,-8,-20,0,-32,0,0,0,-8,0,-75,-75,-80,-80,-347,-347,-4137,-5089,-5949,-4974,-4283,-85,-85,-85,-29989,-29990,-29992,-29993,-29993,-29988,-29988,-29989,-29999]} 1. e4 c5 2. Nf3 d6 3. d4 cxd4 4. Nxd4 Nf6 5. Nc3 a6 6. f3 e5 7. Nb3 Be6 {B90: Sicilian Najdorf: Unusual White 6th moves, 6 Be3 Ng4 and 6 Be3 e5.} 8. Nd5 Nbd7 9. Be3 Rc8 ({Black should play} 9... Bxd5 $11 10. exd5 g6) 10. c4 $14 Nh5 11. Bd3 Be7 12. O-O {[#]} Bg5 $146 ({Predecessor:} 12... Bxd5 13. cxd5 Bg5 14. Bf2 Nf4 15. Nc1 Qa5 16. Ne2 Nxd3 17. Qxd3 O-O 18. Nc3 Qb4 {½-½ (41) Drozdowski,K (2039)-Kuciel,W (2142) Krakow 2009}) 13. Qd2 Bxe3+ 14. Qxe3 O-O 15. Rac1 Nf4 16. Nxf4 exf4 17. Qxf4 Qb6+ 18. Kh1 Ne5 19. Rfd1 a5 20. Bf1 a4 21. c5 ({White should try} 21. Nd4 $1 $14) 21... dxc5 $11 22. Qxe5 axb3 23. Rd6 Qc7 $36 {[%mdl 2048] Black has the initiative.} 24. a3 c4 25. f4 {Black must now prevent f5.} Rfe8 26. Qd4 {Threatens to win with f5.} Red8 27. Rd1 $2 {[%mdl 8192]} (27. e5 $11 {and White stays safe.}) 27... Rxd6 $19 ({Weaker is} 27... Qxd6 28. Qxd6 Rxd6 29. Rxd6 $17) 28. Qxd6 Qxd6 29. Rxd6 {[%mdl 4096] Endgame Threatening f5. KRB-KRB} c3 (29... b5 $19 {and Black stays clearly on top.} 30. Rd4 Kf8) 30. bxc3 $17 {With the idea f5.} Kf8 (30... g6 $1 $17 31. f5 gxf5 32. exf5 Bxf5) 31. Rb6 Rxc3 32. Kg1 Ke7 33. Kf2 Rc2+ 34. Ke3 b2 35. Bd3 Rxg2 36. Rxb7+ Kd6 {White should prevent ...Kc6.} 37. Be2 Rxh2 38. Rxb2 Rh3+ 39. Bf3 Bg4 40. Rf2 Kc5 41. f5 g5 {aiming for ...Bh5.} 42. fxg6 fxg6 43. Kf4 Bd7 44. Ke5 g5 45. Rc2+ Kb6 46. Rb2+ Kc7 47. Bg2 Rxa3 48. Kf6 g4 49. e5 Ra6+ 50. Kg5 Kd8 51. Be4 h6+ 52. Kh5 Re6 53. Bg2 Rxe5+ 54. Kxh6 Ke7 55. Rf2 Be6 56. Kg6 Rc5 57. Be4 Bd7 (57... g3 {looks sharper.} 58. Rf1 Bd7 59. Bg2 Be8+ 60. Kg7 Rg5+) 58. Rg2 Re5 59. Bd3 Be8+ 60. Kg7 (60. Kh6 $1 $11) 60... Re3 $1 61. Bg6 {[#]} Bd7 $1 62. Bc2 $2 {[%mdl 8192]} (62. Bf7 $17) 62... g3 $19 63. Kg6 $2 (63. Be4 Bh3 64. Rg1) 63... Bc6 64. Rg1 g2 65. Bf5 {[#]} Rg3+ $2 (65... Kd6 $1 $19 {[%cal Rd6e5] is more deadly.} 66. Kf6 Rg3 67. Rd1+ Kc5) 66. Kh5 $17 Kf6 67. Bg4 $2 {[%mdl 8192]} (67. Kh4 $17) 67... Ke5 {Black mates.} 68. Kh4 Kf4 69. Be2 Rg8 70. Kh5 Bf3+ 71. Kh4 Rh8# {Accuracy: White = 67%, Black = 77%.} 0-1

[Event "56th Rubinstein Memorial A 2020"]
[Site "Polanica Zdroj"]
[Date "2020.08.15"]
[Round "1.16"]
[White "Fiedorek, Michal"]
[Black "Jedynak, January"]
[Result "1-0"]
[WhiteElo "2212"]
[BlackElo "1887"]
[Annotator "ChessBase"]
[PlyCount "47"]
[EventDate "2020.08.15"]
[EventType "swiss"]
[EventCountry "POL"]
[SourceTitle "playchess.com"]
[Source "ChessBase"]
[SourceQuality "1"]
[TimeControl "40/5400+30:1800+30"]

1. e4 {[%emt 0:00:00]} e5 {[%emt 0:01:25]} 2. Bc4 {[%emt 0:00:00]} Nf6 {[%emt 0:00:36]} 3. d3 {[%emt 0:00:00]} c6 {[%emt 0:04:01]} 4. Nf3 {[%emt 0:00:45]} d5 {[%emt 0:00:09]} 5. Bb3 {[%emt 0:00:13]} Bd6 {[%emt 0:00:21]} 6. Nc3 {[%emt 0:01:10]} dxe4 {[%emt 0:02:40]} 7. Nxe4 {[%emt 0:13:10]} Nxe4 {[%emt 0:02:22]} 8. dxe4 {[%emt 0:00:07]} O-O {[%emt 0:03:48]} 9. O-O {[%emt 0:02:50]} Bg4 {[%emt 0:07:23]} 10. Qd3 {[%emt 0:07:06]} Qf6 {[%emt 0:08:50]} 11. Rd1 {[%emt 0:15:35]} Bc7 {[%emt 0:03:16]} 12. Bg5 {[%emt 0:04:58]} Qg6 {[%emt 0:01:36]} 13. Be7 {[%emt 0:04:35]} Re8 {[%emt 0:03:16]} 14. Ng5 {[%emt 0:01:21]} Bxd1 {[%emt 0:24:07]} 15. Rxd1 {[%emt 0:03:23]} Na6 {[%emt 0:16:41]} 16. Bxf7+ {[%emt 0:13:27]} Qxf7 {[%emt 0:00:12]} 17. Nxf7 {[%emt 0:00:05]} Rxe7 {[%emt 0:03:07]} 18. Ng5 {[%emt 0:00:33]} Bb6 {[%emt 0:04:41]} 19. Qc4+ {[%emt 0:05:15]} Kh8 {[%emt 0:00:29]} 20. Nf7+ {[%emt 0:00:11]} Kg8 {[%emt 0:00:10]} 21. Nxe5+ {[%emt 0:00:53]} Kh8 {[%emt 0:00:45]} 22. Ng6+ {[%emt 0:06:59]} hxg6 {[%emt 0:00:38]} 23. Rd3 {[%emt 0:00:09]} Re5 {[%emt 0:04:24]} 24. g4 {[%emt 0:00:42]} 1-0

[Event "56th Rubinstein Memorial A 2020"]
[Site "Polanica Zdroj"]
[Date "2020.08.15"]
[Round "1.17"]
[White "Polak, Michal"]
[Black "Kasperek, Ryszard"]
[Result "1/2-1/2"]
[WhiteElo "1878"]
[BlackElo "2202"]
[Annotator "ChessBase"]
[PlyCount "80"]
[EventDate "2020.08.15"]
[EventType "swiss"]
[EventCountry "POL"]
[SourceTitle "playchess.com"]
[Source "ChessBase"]
[SourceQuality "1"]
[TimeControl "40/5400+30:1800+30"]

1. e4 {[%emt 0:00:00]} c5 {[%emt 0:00:00]} 2. Nc3 {[%emt 0:00:00]} e6 {[%emt 0:00:34]} 3. g3 {[%emt 0:00:00]} d5 {[%emt 0:00:36]} 4. Bg2 {[%emt 0:00:04]} dxe4 {[%emt 0:06:29]} 5. Nxe4 {[%emt 0:01:13]} Bd7 {[%emt 0:04:51]} 6. Nf3 {[%emt 0:05:41]} Nc6 {[%emt 0:07:17]} 7. d3 {[%emt 0:02:42]} Nf6 {[%emt 0:05:32]} 8. Bg5 {[%emt 0:03:01]} Be7 {[%emt 0:00:49]} 9. Bxf6 {[%emt 0:05:32]} Bxf6 {[%emt 0:02:58]} 10. Qd2 {[%emt 0:21:59]} Be7 {[%emt 0:03:49]} 11. O-O {[%emt 0:06:06]} f5 {[%emt 0:06:37]} 12. Nc3 {[%emt 0:06:03]} Bf6 {[%emt 0:03:31]} 13. Ne2 {[%emt 0:00:53]} e5 {[%emt 0:03:09]} 14. c3 {[%emt 0:14:43]} O-O {[%emt 0:20:36]} 15. Rfd1 {[%emt 0:02:16]} Qe7 {[%emt 0:03:30]} 16. d4 {[%emt 0:01:05]} cxd4 {[%emt 0:05:12]} 17. cxd4 {[%emt 0:00:02]} e4 {[%emt 0:00:04]} 18. Ne1 {[%emt 0:00:34]} Rad8 {[%emt 0:03:47]} 19. d5 {[%emt 0:05:53]} Be6 {[%emt 0:06:43]} 20. d6 {[%emt 0:03:46]} Qf7 {[%emt 0:00:36]} 21. f3 {[%emt 0:02:59]} Be5 {[%emt 0:06:56]} 22. Qe3 {[%emt 0:01:26]} Bxd6 {[%emt 0:00:57]} 23. fxe4 {[%emt 0:00:45]} fxe4 {[%emt 0:00:45]} 24. Nc3 {[%emt 0:05:03]} Bc7 {[%emt 0:01:36]} 25. Qxe4 {[%emt 0:03:32]} Bb6+ {[%emt 0:00:11]} 26. Kh1 {[%emt 0:00:20]} Qf1+ {[%emt 0:03:51]} 27. Bxf1 {[%emt 0:00:10]} Rxf1+ {[%emt 0:00:02]} 28. Kg2 {[%emt 0:00:09]} Rg1+ {[%emt 0:00:36]} 29. Kf3 {[%emt 0:00:13]} Rf8+ {[%emt 0:00:22]} 30. Qf4 {[%emt 0:03:28]} Rf1+ {[%emt 0:01:24]} 31. Ke4 {[%emt 0:01:27]} Bf5+ {[%emt 0:00:32]} 32. Kd5 {[%emt 0:01:52]} Rxf4 {[%emt 0:00:18]} 33. gxf4 {[%emt 0:00:12]} Rd8+ {[%emt 0:00:08]} 34. Kc4 {[%emt 0:00:12]} Be6+ {[%emt 0:00:04]} 35. Kb5 {[%emt 0:00:52]} Nd4+ {[%emt 0:00:35]} 36. Ka4 {[%emt 0:01:41]} Rc8 {[%emt 0:00:50]} 37. Ka3 {[%emt 0:01:04]} Rc4 {[%emt 0:00:41]} 38. Ne4 {[%emt 0:01:28]} Nc2+ {[%emt 0:00:36]} 39. Nxc2 {[%emt 0:00:21]} Rxc2 {[%emt 0:01:07]} 40. Rac1 {[%emt 0:00:00]} Rc8 1/2-1/2